000 00683nam a2200265Ia 4500
005 20260324153346.0
008 008 260324s9999 xx 000 0 eng d
020 _a9780128238745
037 _aEBOOK
040 _aCRL
040 _beng
040 _cCRL
041 _2eng
041 _aeng
084 _qCRL
100 _aChaudhery Mustansar Hussain
245 0 _aNanoremediation: Modern Technologies for Treatment of Environmental Pollutants
260 _bElsevier
260 _c2023
650 _aChemical Engineering
856 _uhttps://www.sciencedirect.com/science/book/9780128238745
942 _cEBOOK
999 _c1842618
_d1842618